MICROECONOMICS (Record no. 6523)

000 -LEADER
fixed length control field 00264nam a2200109 4500
008 - FIXED-LENGTH DATA ELEMENTS--GENERAL INFORMATION
fixed length control field XXVI
020 ## - INTERNATIONAL STANDARD BOOK NUMBER
International Standard Book Number 9978-1-84480-667-6
Terms of availability XXVI
050 ## - LIBRARY OF CONGRESS CALL NUMBER
Classification number 339 MAN
100 ## - MAIN ENTRY--PERSONAL NAME
Personal name N. GREGORY MANKIW AND MARK P. TAYLOR
245 ## - TITLE STATEMENT
Title MICROECONOMICS
260 ## - PUBLICATION, DISTRIBUTION, ETC. (IMPRINT)
Place of publication, distribution, etc. WASHINGTON;
Name of publisher, distributor, etc. THOMSON,
Date of publication, distribution, etc. 2006.
Holdings
Withdrawn status Lost status Source of classification or shelving scheme Damaged status Not for loan Home library Current library Date acquired Total Checkouts Barcode Date last seen Price effective from
          Dodoma Dodoma 05/02/2020   0000000017178 05/02/2020 05/02/2020

IRDP © 2019 :: Managed by IRDP ICT Unit